Fisheries management in the European Union

Αποθηκεύτηκε σε:
Λεπτομέρειες βιβλιογραφικής εγγραφής
Κύριος συγγραφέας: Καραγιαννάκος, Απόστολος
Μορφή: Βιβλίο
Γλώσσα:English
Δημοσίευση: Aldershot : Avebury, 1995
Σειρά:Perspectives on Europe
Θέματα:
Ετικέτες: Προσθήκη ετικέτας
Δεν υπάρχουν, Καταχωρήστε ετικέτα πρώτοι!

MARC

LEADER 00000nam a2200000 i 4500
001 1/12254
008 980212s1995 eng d
020 |a 1-85972-070-6 
035 |1 ΠΑΡ  |a 1997  |l 10018558 
040 |a GR-MY-UA  |b gre  |e aacr 
041 0 |a eng 
082 0 |a 338.3727094 
100 1 |a Καραγιαννάκος, Απόστολος. 
245 1 0 |a Fisheries management in the European Union /  |c Apostolos Karagiannakos 
260 |a Aldershot :   |b Avebury,   |c 1995 
300 |a 286 p.  |b fig. 
490 1 |a Perspectives on Europe 
504 |a Includes bibliographical references 
650 0 0 |a Fishery management  |z European Union countries. 
650 0 0 |a Fishery management, International  |z European Union countries. 
650 0 0 |a Fishery law and legislation  |z European Union countries. 
852 |a INST  |b LESVOS  |e 19980212  |h 338.3727094 ΚΑΡ  |p 005100015189  |q 005100015189  |t BK  |y 0 
901 |a BIBL-1998-2 
909 |a Λ  |b 052518 
922 |a 1ΕΛΗ  |b 199712  |c ΚΠΣ/ΣΚΟΥΡΤΟΣ  |d ΠΑΠΑΣΩΤΗΡΙΟΥ 
950 |a 054-1996-07-16